Đang tải...
Case studies on Managing Innovation : Vol 1
| Tác giả chính: | |
|---|---|
| Tác giả khác: | |
| Định dạng: | Printed Book |
| Ngôn ngữ: | Undetermined English |
| Được phát hành: |
Hyderabad
Icfai Books
2008
|
| Những chủ đề: |
| LEADER | 00679nam a2200205Ia 4500 | ||
|---|---|---|---|
| 008 | 140306s9999 xx 000 0 und d | ||
| 020 | |a 8131406032 | ||
| 041 | |a eng | ||
| 082 | |a 658.4063 |b NUS/CA | ||
| 100 | |a Nusrath, Jahan Maldar | ||
| 245 | |a Case studies on Managing Innovation : Vol 1 | ||
| 260 | |a Hyderabad |b Icfai Books |c 2008 | ||
| 300 | |a 389 | ||
| 365 | |b Rs.1250/- | ||
| 650 | |a Breakthrough Innovation | ||
| 650 | |a Case studies on Business Model Innovation | ||
| 700 | |a Rajendar, Singh Rathore | ||
| 942 | |2 ddc |c BK | ||
| 999 | |c 187460 |d 187460 | ||
| 952 | |0 0 |1 0 |2 ddc |4 0 |6 658_406300000000000_NUS_CA |7 0 |9 193557 |a KAUCBV |b KAUCBV |g 1250.00 |o 658.4063 NUS/CA |r 2014-03-22 |w 2014-03-22 |y BK | ||